000 00807nam a22001457a 4500
020 _a0-439-69623-2
082 _a823
_bGIL/M
100 _aGIKOW, LOUISE
245 _aMADAGASCAR
_bMOVIE NOVEL
260 _aNEW YORK
_bSCHOLASTIC INC
_c2005
300 _a106
520 _aAlex the lion is the king of the urban jungle, the main attraction at New York's Central Park Zoo. He and his best friends -- Marty the zebra, Melman the giraffe and Gloria the hippo -- have spent their whole lives in blissful captivity before an admiring public and with regular meals provided for them. Not content to leave well enough alone, Marty lets his curiosity get the better of him and makes his escape -- with the help of some prodigious penguins -- to explore the world.
650 _aSTORY BOOK
_zUNITED STATES
942 _cBK
999 _c3218
_d3218